| 000 | 00779nam a22002653 4500 | ||
|---|---|---|---|
| 001 | 21560 | ||
| 003 | BD-RjUL | ||
| 005 | 20211209000712.0 | ||
| 008 | 140304s19541906enk 001 0 d | ||
| 035 |
_aCD-0000220776 _a(BD-RjUL)21624 |
||
| 040 |
_aBD-RjUL _beng _cBD-RjUL _dBD-RjUL |
||
| 041 | _aeng | ||
| 082 |
_a910.92 _bCAP 1954 |
||
| 100 | 1 |
_aCook, James, _932136 |
|
| 245 | 1 | 0 | _aCaptain Cook's voyages of discovery / |
| 260 |
_aLondon : _c1906 [Reprinted 1954]. _bDent and Sons, |
||
| 300 |
_c19 cm. _axix, 479 p. ; |
||
| 490 | 1 |
_aEveryman's libr. _vvol.99 |
|
| 650 |
_aCook, James, 1728-1779 _966586 |
||
| 690 | 0 | 0 |
_aGeography _xCircumnavigation _2pre20 _936 |
| 830 | 0 |
_vvol.99 _966592 |
|
| 752 |
_aEngland _dLondon |
||
| 830 | 0 |
_aEveryman's libr. _966593 |
|
| 942 |
_2ddc _cBK |
||
| 999 |
_c21560 _d21560 |
||